000 00245nam a2200097Ia 4500
001 760735
005 20250826165154.0
008 250824s9999 xx 000 0 und d
245 0 _aBENİM ÇILGIN AİLEM
_cELIZABETH KELLY
260 _bMARTI YAYINLARI
999 _c760735
_d760735